Zarzadzanie ryzykiem w biznesie a znaczenie ubezpieczeń

Gespeichert in:
Bibliographische Detailangaben
1. Verfasser: Majtán, Štefan
Weitere Verfasser: Rybárová, Daniela, 1967-
Format: Buchkapitel
Sprache:Polnisch
Schlagworte:
Tags: Tag hinzufügen
Keine Tags, Fügen Sie das erste Tag hinzu!

MARC

LEADER 00000naa$a2200000$$$4500
001 0094819
005 20240521074531.8
041 0 |a pol 
044 |a PL 
245 1 0 |a Zarzadzanie ryzykiem w biznesie a znaczenie ubezpieczeń  |c Štefan Majtán, Daniela Rybárová 
610 2 0 |a poistenie 
610 2 0 |a manažment 
610 2 0 |a riziko 
610 2 0 |a riadenie rizík 
100 1 |a Majtán, Štefan 
700 1 |a Rybárová, Daniela, 1967-